000 00537cam a2200145 4500500
005 20251012024618.0
041 _afre
042 _adc
100 1 0 _aLaroque, Marie-France
_eauthor
245 0 0 _aLes prix 2023 du Comité d’histoire de la Sécurité sociale
260 _c2025.
500 _a67
786 0 _nRevue d'histoire de la protection sociale | 18 | 1 | 2025-09-02 | p. 268-276 | 1969-9123
856 4 1 _uhttps://shs.cairn.info/revue-revue-dhistoire-de-la-protection-sociale-2025-1-page-268?lang=fr&redirect-ssocas=7080
999 _c1544189
_d1544189